Victims of terrorism (Record no. 65152)
[ view plain ]
| 000 -LEADER | |
|---|---|
| fixed length control field | 01237cam a2200229 4500 |
| 001 - CONTROL NUMBER | |
| control field | ABS63032 |
| 008 - FIXED-LENGTH DATA ELEMENTS--GENERAL INFORMATION | |
| fixed length control field | 000000n2000 000 0 eng u |
| 035 ## - SYSTEM CONTROL NUMBER | |
| System control number | (Sirsi) u109118 |
| 100 ## - MAIN ENTRY--PERSONAL NAME | |
| Personal name | Mungo, J. |
| 245 ## - TITLE STATEMENT | |
| Title | Victims of terrorism |
| 260 ## - PUBLICATION, DISTRIBUTION, ETC. | |
| Date of publication, distribution, etc. | 2000 |
| 490 ## - SERIES STATEMENT | |
| Series statement | Property Week |
| Volume/sequential designation | 65(42) 27 October 2000, 102(1) |
| 520 ## - SUMMARY, ETC. | |
| Summary, etc. | Urges landlords and occupiers to urgently review their insurance arrangements in the light of the Terrorism Bill, which is due to go before the House of Lords in the current session of parliament. If they do not they could find that their arrangements are inadequate. For the Bill contains a proposal to broaden the definition of terrorism to cover: 'the use or threat of action for advancing political, religious or ideological causes involving serious violence towards people or property, endangering life or creating a serious risk to the public'. Suggests that terrorism top-up cover should be considered. The key point is to ensure that full terrorism cover is purchased for all property. |
| 590 ## - LOCAL NOTE (RLIN) | |
| Local note | ABS |
| 650 ## - SUBJECT ADDED ENTRY--TOPICAL TERM | |
| Topical term or geographic name entry element | TERRORISM |
| 650 ## - SUBJECT ADDED ENTRY--TOPICAL TERM | |
| Topical term or geographic name entry element | LANDLORDS |
| 650 ## - SUBJECT ADDED ENTRY--TOPICAL TERM | |
| Topical term or geographic name entry element | OCCUPIERS |
| 650 ## - SUBJECT ADDED ENTRY--TOPICAL TERM | |
| Topical term or geographic name entry element | TERRORISM INSURANCE |
| 650 ## - SUBJECT ADDED ENTRY--TOPICAL TERM | |
| Topical term or geographic name entry element | TERRORISM COVER |
| 690 ## - LOCAL SUBJECT ADDED ENTRY--TOPICAL TERM (OCLC, RLIN) | |
| Topical term or geographic name as entry element | Insurance |
| 9 (RLIN) | 6249 |
| 942 ## - ADDED ENTRY ELEMENTS (KOHA) | |
| Suppress in OPAC | 0 |
| Withdrawn status | Lost status | Source of classification or shelving scheme | Damaged status | Not for loan | Home library | Current library | Shelving location | Date acquired | Total Checkouts | Full call number | Barcode | Date last seen | Copy number | Price effective from | Koha item type |
|---|---|---|---|---|---|---|---|---|---|---|---|---|---|---|---|
| Dewey Decimal Classification | London | London | Journal article | 02/11/2000 | ABS63032 | 109118-1001 | 06/08/2019 | 1 | 06/08/2019 | Journal article |